| 000 | 00706nam a2200193 a 4500 | ||
|---|---|---|---|
| 003 | 0 | ||
| 005 | 20250421102755.0 | ||
| 008 | 060801s19uu xx 00 eng d | ||
| 050 |
_aPHS LC 205 _b.K57 2006 |
||
| 100 | _aKishimoto, Christine B. | ||
| 245 |
_aThe Effects of economic status on the social behavior of the students / _cChristine B. Kishimoto. |
||
| 260 |
_aLas PiƱas City, Philippines : _bSouthville International School and Colleges, _c2006. |
||
| 300 |
_a27 pages : _billustrations ; _c28 cm. |
||
| 504 | _aIncludes bibliographical references. | ||
| 650 | _aEconomic status. | ||
| 650 | _aSocial behavior in children. | ||
| 650 |
_aSocial status _xPsychological aspects. |
||
| 942 |
_2lcc _cPASS |
||
| 999 |
_c97630 _d97630 |
||